| 000 | 00702nam a2200193 a 4500 | ||
|---|---|---|---|
| 001 | 2870 | ||
| 003 | CDMR | ||
| 005 | 20150723121501.0 | ||
| 008 | 130130s2002||||||||||||||||||||||||||||d | ||
| 020 | _a8493038474 | ||
| 040 |
_aCDMR _bcat _cCDMR |
||
| 100 | 1 |
_aVinyas i Comas, Joan _92106 |
|
| 245 | 1 | 0 |
_aMemòries d'un gironí _cJoan Vinyas i Comas. Una visió de la premsa de Girona / per Lluís Costa _b: una visió de la premsa de Girona (estudi introductori) |
| 260 |
_a[Girona] _c2002 _bCol·legi de Periodistes de Catalunya. Demarcació de Girona |
||
| 490 | 0 |
_aPapers de comunicació _v2 |
|
| 700 | 1 |
_9647 _aCosta i Fernández, Lluís |
|
| 740 | 4 | _aUna visió de la premsa de Girona | |
| 942 |
_cMON _2udc |
||
| 999 |
_c2870 _d2870 |
||